| 000 | 00411nam a2200145Ia 4500 | ||
|---|---|---|---|
| 008 | 230917s9999||||xx |||||||||||||| ||und|| | ||
| 040 |
_e196551 _aMAIN |
||
| 041 | _aEnglish | ||
| 082 | _a647.94068 N276M | ||
| 100 | _aNebel, Eddystone C | ||
| 245 | 0 | _aManaging hotels effectively: Lesson from outstanding General Managers | |
| 260 |
_aChichester _bJohn Wiley _c1991 |
||
| 300 | _axxviii, 436 p. | ||
| 942 | _cBK | ||
| 999 |
_c165132 _d165132 |
||